| 000 | 00481nam a22001577a 4500 | ||
|---|---|---|---|
| 082 |
_a621.31 _bNAZ |
||
| 100 |
_aNazir, Tamraish Nasir (452181) _9132285 |
||
| 245 | _aOptimized Power Sharing and Energy Management in Networked Microgrids / | ||
| 264 |
_aIslamabad : _bUSPCAS-E, NUST _cSeptember, 2025. |
||
| 300 |
_axiv, 79 p. _e+CD |
||
| 520 | _aTH-675 | ||
| 650 | _aMS EEP Thesis | ||
| 650 |
_aMS Thesis _918721 |
||
| 700 | _aSupervisor: Dr. Muhammad Yousif | ||
| 942 |
_2ddc _cTHE |
||
| 999 |
_c615521 _d615521 |
||